000 00325nam a2200133Ia 4500
008 151001s9999||||xx |||||||||||||| ||und||
100 _aएन आर सागर
245 _aअंतिम अवशेष
250 _a1
260 _bसंगीता
260 _c1996
300 _a60
365 _b18
999 _c973674
_d973671